Külömbféle Példázatok És Oktatások Mesék, Levelek, az Állatoknak Leírása, És Versezetek, Mellyekben Az isméretes Frantz Telemák' képezete szerént feljegyeztettek Deák és Német Nyelven a' Nemzeti Magyar Nyelvnek különös szép tulajdonsági, a' beszéd' nemei 's némelly közmondások a' nehezebb értelmű szóknak külömbféle magyarázattával eggyütt az anyai Magyar Nyelv' Tanúlóinak számára

Bibliographic Details
Main Author: Szaller, György, zomrel 1807 (Author, Author of introduction, etc.)
Other Authors: Gritner (Illustrator), Landerer, Ján Michal, 1726-1795 (Printer)
Format: Book
Language:Hungarian
PhysicalDescription:[10],132 s. 18 cm
Published: Posonyban Füskulti Landerer Mihály Betüivel 1793
Subjects:

MARC

LEADER 00000cam a2200000 a 4500
001 vtls008422739
003 SK-MaSNL
005 20260301021325.0
008 230421s1793 xo a 000 0 hun
015 |a SNBHFA 
035 |a urn:nbn:sk:snk-am00iffe 
035 |a 36E0DD37-840A-49BD-801E-3F3D450F2CB7 
040 |a SNKHFA  |b slo  |c SNKHFA  |e AACR2 
041 0 |a hun 
044 |a xo  |c SK 
072 7 |a 811.511.1  |x Ugrofínske jazyky  |2 konspekt 
080 |a 811.511.141  |2 2011 
080 |a (075)  |2 2011 
100 1 |a Szaller, György,  |d zomrel 1807  |4 aut  |4 aui  |9 310080 
245 1 0 |a Külömbféle Példázatok És Oktatások  |b Mesék, Levelek, az Állatoknak Leírása, És Versezetek, Mellyekben Az isméretes Frantz Telemák' képezete szerént feljegyeztettek Deák és Német Nyelven a' Nemzeti Magyar Nyelvnek különös szép tulajdonsági, a' beszéd' nemei 's némelly közmondások a' nehezebb értelmű szóknak külömbféle magyarázattával eggyütt az anyai Magyar Nyelv' Tanúlóinak számára 
260 |a Posonyban  |b Füskulti Landerer Mihály Betüivel  |c 1793 
300 |a [10],132 s.  |c 18 cm 
500 |a Vlys signovaný Gritnerom. Vlys. Vinety. Ozdobné linky. Zložky. Kustody 
504 |a Poznámky pod textom 
508 |a Autor podľa Petrika. Úvod autora 
510 4 |a Petrik  |c III/490 
650 0 7 |a maďarčina  |2 SNKPH  |9 1492 
650 0 7 |a gramatika  |2 SNKPH  |9 865 
655 7 |a učebnice  |2 SNKPH  |9 22521 
700 1 |a Gritner  |4 ill  |9 287176 
700 1 |a Landerer, Ján Michal,  |d 1726-1795  |4 prt  |9 158270 
700 1 |a Fénelon, François de Salignac de la Mothe-Fénelon  |4 oth  |9 310081 
752 |a Slovensko  |d Bratislava 
852 |a Slovenská národná knižnica  |b Historické fondy 
852 |a snk  |p SD 12252 
958 |a ONDV 
958 |a DD 
999 |c 565088  |d 567018 
952 |a SNK  |b SNK  |y PREZ  |7 0  |p 17A0492698  |o snkSD 12252  |i snkKSF 3596/56  |8 5  |3 rekatalogizácia  |0 0  |1 0  |4 0  |d 2006-01-09  |f 1  |l 0  |r 2025-11-25 00:00:00  |w 2026-02-23 
952 |a SNK  |b SNK  |y PREZ  |7 0  |p 17A1125717  |o snkSD 12252 D1  |i snkF 20268/2017  |8 5  |0 0  |1 0  |4 0  |d 2017-09-19  |l 0  |r 2026-02-23 13:55:19  |w 2026-02-23